Investigation of new biomarkers for neurodegenerative diseases on animal models by in vivo magnetic resonance

Salvato in:
Dettagli Bibliografici
Autore principale: Tušková, Radka (Autore)
Altri autori: Kašparová, Svatava (Relatore della tesi)
Natura: Manoscritto Libro
Lingua:slovacco
inglese
Pubblicazione: 2015
Soggetti:
Accesso online:http://is.stuba.sk/zp/portal_zp.pl?podrobnosti=93724
Tags: Aggiungi Tag
Nessun Tag, puoi essere il primo ad aggiungerne!!

MARC

LEADER 00000ntm a22000003a 4500
001 stuzp29229
003 SK-STU
005 20160719152912.0
007 ta
008 150427s2015----xo-----f-mn---000-0-slo-d
040 |a STU  |b slo 
041 0 |a eng 
100 1 |a Tušková, Radka  |u 041630  |4 aut  |U FCHPT Ústav analytickej chémie  |T FCHPT Oddelenie NMR a hmotnostnej spektrometrie  |X 61905  |U C1630  |Y 109  |7 A0000061905 
242 0 1 |a Investigation of new biomarkers for neurodegenerative diseases on animal models by in vivo magnetic resonance  |y slo 
245 1 0 |a Investigation of new biomarkers for neurodegenerative diseases on animal models by in vivo magnetic resonance 
260 |c 2015 
650 4 |a Simvastatín  |2 slo 
650 4 |a demencia  |2 slo 
650 4 |a magnetická rezonancia  |2 slo 
650 4 |a behaviorálne testy  |2 slo 
650 4 |a NaNO2  |2 slo 
650 4 |a D-galaktóza  |2 slo 
650 4 |a potkaní model  |2 slo 
650 4 |a behavioral tests  |2 eng 
650 4 |a NaNO2  |2 eng 
650 4 |a rat model  |2 eng 
650 4 |a Simvastatin  |2 eng 
650 4 |a dementia  |2 eng 
650 4 |a magnetic resonance  |2 eng 
650 4 |a D-galactose  |2 eng 
700 1 |a Kašparová, Svatava  |4 ths  |X 3873  |7 A000003873 
856 4 |u http://is.stuba.sk/zp/portal_zp.pl?podrobnosti=93724 
SQL |a stuzp29229  |b DDZ  |c ENG  |d Investigation of new biomarkers for neurodegenerative diseases on animal models by in vivo magnetic resonance  |e 61905  |f Tušková, Radka  |g 041630  |h 3873  |i Kašparová, Svatava  |j 20150825  |k 133  |l 04  |m http://is.stuba.sk/zp/portal_zp.pl?podrobnosti=93724  |n D-BICH  |o 4.1.22. biochémia